Normale Ansicht MARC-Ansicht ISBD

Geschichte(n) von Stadt und Universität: (Titelsatznr. 373020)

[ MARC ]
MARC-Details
000 -Satzkennung
Kontrollfeld mit fester Länge 03105cam a2200469 4500
001 - Kontrollnummer
Kontrollnummer 1870391381
003 - Kontrollnummer Identifier
Kontrollnummer DE-627
005 - Datum und Zeit der letzten Transaktion
Kontrollnummer 20240423121538.0
007 - Feld mit fester Länge zur physischen Beschreibung - Allgemeine Information
Kontrollfeld mit fester Länge tu
008 - Feld mit fester Länge zur physischen Beschreibung - Allgemeine Angaben
Kontrollfeld mit fester Länge 231115s2023 gw ||||| 00| ||ger c
015 ## - Nummer der Nationalbibliografie
Nummer der Nationalbibliografie 23,N46
Quelle dnb
016 7# - Kontrollnummer der nationalbibliografischen Agentur
Datensatzkontrollnummer 1308813007
Quelle DE-101
020 ## - Internationale Standardbuchnummer
Internationale Standardbuchnummer 9783933816702
Bezugsbedingungen : : EUR 38.00 (DE), EUR 39.10 (AT)
020 ## - Internationale Standardbuchnummer
Internationale Standardbuchnummer 393381670X
024 3# - Anderer Standardidentifier
Standardnummer oder Code 9783933816702
035 ## - Systemkontrollnummer
Systemkontrollnummer (DE-627)1870391381
035 ## - Systemkontrollnummer
Systemkontrollnummer (DE-599)DNB1308813007
035 ## - Systemkontrollnummer
Systemkontrollnummer (OCoLC)1409405379
040 ## - Katalogisierungsquelle
Original-Katalogisierungsstelle DE-627
Katalogisierungssprache ger
Übertragungsstelle DE-2950
Beschreibungsfestlegungen rakwb
041 ## - Sprachcode
Sprachcode des Textes/der Tonspur oder des separaten Titels ger
044 ## - Ländercode der veröffentlichenden/herstellenden Stelle
ISO-Ländercode XA-DE-BE
082 0# - Notation nach der Dewey Decimal Classification
Notation 943.153203
Ausgabenummer 23/ger
082 04 - Notation nach der Dewey Decimal Classification
Notation 943
-- 370
-- 300
245 10 - Titel
Titel Geschichte(n) von Stadt und Universität:
Zusatz zum Titel Frankfurt an der Oder und die Viadrina /
Verfasserangabe etc. Felix Töppel, Klaus Weber (Hrsg.)
250 ## - Ausgabebezeichnung
Ausgabebezeichnung 1. Auflage
260 ## - Publikation, Vertrieb usw. (Erscheinungsvermerk)
Erscheinungsort, Vertriebsort etc. Leipzig und Berlin:
Name des Verlags, des Vertriebs etc. Edition Kirchhof & Franke,
Date of publication, distribution, etc 2023
300 ## - Physische Beschreibung
Umfang 225 Seiten:
Andere physische Details 12 Illustrationen
Maße 22 cm x 15 cm, 315 g
490 1# - Gesamttitelangabe
Gesamttitelangabe Schriftenreihe des Vereins für Universitätsgeschichte in Frankfurt (Oder);
Bandnummer/Folgebezeichnung 1
505 ## - Fußnote zu strukturierten Inhaltsangaben
Fußnote zu strukturierten Inhaltsangaben Darin: Töppel, Felix: Die frühe Viadrina und der Ablassstreit. S. 31-48; Staats, Ines:Ratsgeschlechter und Professorenfamilien in Frankfurt an der Oder. S. 49-66; "Kemmether, Gotthard: Epedemie-Management" in der frühen Neuzeit - Institutionelle Maßnahmen gegen Seuchen in Stadt und Universität Frankfurt an der Oder im 16. und 17. Jahrhundert; Die Bedeutung des Weinbaus für Frankfurt an der Oder und die dortige Universität (1506-1811). s. 89 - 103; Schieck, Martin: Sorauer Studenten an der Universität in frankfurt an der Oder 1506-1811. S. 104-120; Becker, Denny: Methode Beckmann. Empirische Städteforschung des Professors Johann Christoph Beckmann am Beispiel der Universitäts- und Handelsstadt Frankfurt an der Oder. S. 121-146. ; Zalewski, Paul: Mathematikprofessor und Architekturtheoretiker Leonhard Christoph Sturm. Ein Universalgelehrter ... S. 147-168; Von Kometen und Kakerlaken: Aufklärung und Rassismus beim Viadrina-Professor Christian Ernst Wünsch (1744-1828). S. 169-191; Benecke, Werner: Hightech hinter Neobarock - Zur Geschichte des heutigen Hauptgebäudes der Viadrina. S. 192-206; "Die Europa-Universität gibt nicht auf". Die neu gegründete Viadrina zwischen Aufbruch und Rechtsextremismus. S. 207-223
653 ## - Indexierungsterm - Nicht normiert
Nicht-normierter Term Europa-Universität Viadrina Frankfurt (Oder)
653 ## - Indexierungsterm - Nicht normiert
Nicht-normierter Term Universität Viadrina
653 ## - Indexierungsterm - Nicht normiert
Nicht-normierter Term Frankfurt (Oder)
655 #7 - Indexierungsterm - Genre/Form
Genre/Form oder fokussierter Term Konferenzschrift
Chronologische Unterteilung 2022
Geografische Unterteilung Frankfurt (Oder)
Quelle des Terms gnd-content
951 ## - EQUIVALENCE OR CROSS-REFERENCE-GEOGRAPHIC NAME/AREA NAME [OBSOLETE] [CAN/MARC only]
Geografischer Name BO
700 1# - Nebeneintragung - Personenname
Personenname Töppel, Felix
Datumsangaben in Verbindung mit einem Namen 1991-
Funktionsbezeichnung HerausgeberIn
Funktionsbezeichnungscode edt
700 1# - Nebeneintragung - Personenname
Personenname Weber, Klaus
Funktionsbezeichnung HerausgeberIn
Funktionsbezeichnungscode edt
710 2# - Nebeneintragung - Körperschaftsname
Körperschafts- oder Gebietskörperschaftsname als Eintragungselement Edition Kirchhof & Franke Tobias Kirchhof und Jan-Gunnar Franke
Funktionsbezeichnung Verlag
Funktionsbezeichnungscode pbl
710 2# - Nebeneintragung - Körperschaftsname
Körperschafts- oder Gebietskörperschaftsname als Eintragungselement Verein für Universitätsgeschichte in Frankfurt (Oder)
Funktionsbezeichnung Herausgebendes Organ
Funktionsbezeichnungscode isb
830 #0 - Nebeneintragung unter dem Gesamttitel - Einheitstitel
Einheitstitel Schriftenreihe des Fördervereins zur Erforschung der Geschichte der Viadrina
Bandnummer/Folgebezeichnung Band 1
9 (RLIN) 1
Datensatzkontrollnummer (DE-627)1872034292
-- (DE-600)3173780-8
856 42 - Elektronische Adresse und Zugriff
URL <a href="https://d-nb.info/1308813007/04">https://d-nb.info/1308813007/04</a>
Kontaktstelle für Hilfe beim Zugriff B:DE-101
Elektronisches Format application/pdf
Allgemeine Bemerkungen lizenzpflichtig
Spezifische Materialangaben Inhaltsverzeichnis
942 ## - Zusätzliche Felder (Koha)
Klassifikation oder Aufstellungssystematik Andere/Generische Klassifikation
Koha-Medientyp Bücher
Exemplare
Ausgeschieden Verloren Klassifikation oder Aufstellungssystematik Beschädigt Nicht entleihbar Permanenter Standort Aktueller Standort Aufstellungsort Erwerbungsdatum Lieferant Kodierter Standort-Qualifier Anzahl Ausleihen Signatur Letzte Aktivität Exemplarnummer Preis gültig von Medientyp
    Andere/Generische Klassifikation     Stadtarchiv Frankfurt (Oder) | Archivbibliothek Stadtarchiv Frankfurt (Oder) | Archivbibliothek Lesesaal 12/03/2024 Belegexemplar L   UF 52 ; II: 5116 12/03/2024 21/2024 12/03/2024 Bücher